[Event "OP-2019-0-04832"]
[Site "LSS email"]
[Date "2019.08.20"]
[Round "?"]
[White "Sanchez Martinez, Ricardo"]
[Black "Firnhaber, Ingo"]
[Result "0-1"]
[WhiteElo "800"]
[BlackElo "2374"]
[PlyCount "50"]
[EventDate "2019.08.16"]
[EventType "tourn (corr)"]
[EventRounds "4"]
[EventCountry "GER"]
[SourceTitle "Corr 2022"]
[Source "ChessBase"]
[SourceDate "2021.10.24"]
[SourceVersion "1"]
[SourceVersionDate "2021.10.24"]
[SourceQuality "1"]

1. e4 c5 2. Nf3 d6 3. d4 cxd4 4. Nxd4 Nf6 5. Nc3 a6 6. Be3 e5 7. Nb3 Be6 8. Qd2 Nbd7 9. f3 b5 10. 0-0-0 Be7 11. g4 b4 12. Na4 Rb8 13. g5 Nh5 14. Kb1 Qc7 15. Nc1 Nc5 16. b3 Nxa4 17. bxa4 Qa5 18. Qe2 Ra8 19. h4 Ng3 20. Qh2 Nxh1 21. Qxh1 Qxa4 22. Nb3 0-0 23. Bh3 Bxh3 24. Qxh3 Rfc8 25. Qg2 a5 0-1